Every North American Country in 30 Seconds - Statistics

General Stats
  • This quiz has been taken 36 times
  • The average score is 12 of 23
Answer Stats
Answer % Correct
Mexico
90%
Canada
86%
United States of America
86%
Cuba
67%
Panama
62%
Antigua and Barbuda
57%
Bahamas
57%
Dominican Republic
57%
Costa Rica
52%
Grenada
52%
Guatemala
52%
Jamaica
52%
Barbados
48%
Dominica
48%
Haiti
48%
Belize
43%
Honduras
43%
Trinidad and Tobago
43%
Nicaragua
38%
El Salvador
33%
Saint Vincent and the Grenadines
33%
Saint Kitts and Nevis
29%
Saint Lucia
24%
No matching quizzes found
Score Distribution
Percent of People with Each Score
Percentile by Number Answered
Your Score History
You have not taken this quiz